Azorín

Gardado en:
Detalles Bibliográficos
Autor Principal: Gómez de la Serna, Ramón (Author)
Formato: Libro
Idioma:Lingua castelá
Publicado: Buenos Aires Losada 1948
Edición:2a. ed
Series:Biblioteca contemporánea, 95
Subjects:
Tags: Engadir etiqueta
Sen Etiquetas, Sexa o primeiro en etiquetar este rexistro!

MARC

LEADER 00000nam a2200000 a 4500
001 UCX3005
003 CL-VaPUC
005 20210914133450.0
008 910912e19480000AG |||||||||||||||||spa|d
999 |c 223897  |d 223895 
040 |c Pontificia Universidad Católica de Valparaíso 
082 0 4 |a 928  |b GOM  |2 21 
100 |a Gómez de la Serna, Ramón  |e author  |9 319137 
245 1 0 |a Azorín 
250 |a 2a. ed 
260 |a Buenos Aires  |b Losada  |c 1948 
300 |a 254 p 
490 0 |a Biblioteca contemporánea, 95 
583 |a last modification  |c 19910912 00:00:00  |k Rodrigo Vera 
600 0 |a Azorín,  |d 1873-1967  |q Martínez Ruiz, José   |9 353525 
942 |c BK  |2 ddc 
945 |d 19910912 00:00:00 
952 |0 0  |1 0  |4 0  |6 928_000000000000000_GOM_1948  |7 0  |8 A  |9 220138  |a BIBEDU  |b BIBEDU  |d 2019-11-15  |i 2888041  |o 928 GOM 1948  |p 2888041  |r 2019-11-15  |w 2019-11-15  |y BK  |k LIT